B. Sc. Practical Physics (Record no. 1650)

MARC details
000 -LEADER
fixed length control field 00314nam a2200133Ia 4500
008 - FIXED-LENGTH DATA ELEMENTS--GENERAL INFORMATION
fixed length control field 191201s2005 xx 000 0 und d
100 ## - MAIN ENTRY--PERSONAL NAME
Personal name ARORA, C L
245 #0 - TITLE STATEMENT
Title B. Sc. Practical Physics
250 ## - EDITION STATEMENT
Edition statement 9th
260 ## - PUBLICATION, DISTRIBUTION, ETC. (IMPRINT)
Place of publication, distribution, etc N.Delhi
Name of publisher, distributor, etc S Chand and Co. Ltd.
Date of publication, distribution, etc 2005
300 ## - PHYSICAL DESCRIPTION
Extent 609
650 ## - SUBJECT ADDED ENTRY--TOPICAL TERM
Topical term or geographic name as entry element Applied
942 ## - ADDED ENTRY ELEMENTS (KOHA)
Source of classification or shelving scheme Dewey Decimal Classification
Koha item type Text Books
Holdings
Withdrawn status Lost status Source of classification or shelving scheme Damaged status Not for loan Collection code Home library Current library Date acquired Source of acquisition Cost, normal purchase price Bill Number Total Checkouts Full call number Acc. no. / Barcode Date last seen Bill Date Koha item type Date last borrowed
    Dewey Decimal Classification     Applied Sc. PIET C-LIBRARY PIET C-LIBRARY 19/08/2006 M/s UDH , Delhi 195.00 125382   530 ARB 2910 04/12/2019 23/08/2005 Reference Books  
    Dewey Decimal Classification     Applied Sc. PIET C-LIBRARY PIET C-LIBRARY 19/08/2006 M/s UDH , Delhi 195.00 125382 1 530 ARB 2911 17/11/2021 23/08/2005 Text Books 17/11/2021
    Dewey Decimal Classification     Applied Sc. PIET C-LIBRARY PIET C-LIBRARY 19/08/2006 M/s UDH , Delhi 195.00 125382   530 ARB 2912 04/12/2019 23/08/2005 Text Books  

Design & Developed by: PIET Central Library
R70 Miles Stone Pattikalyana Samalkha Panipat 132102
mail ID :- [email protected], Phone No:- 0180-2569700 Ex.216